Naming Compounds - Statistics

General Stats
  • This quiz has been taken 49 times
  • The average score is 12 of 24
Answer Stats
Hint Answer % Correct
NO₂ Nitrogen dioxide
81%
CO Carbon monoxide
78%
NaCl Sodium chloride
75%
LiCl Lithium chloride
72%
Dinitrogen pentoxide N2O5
69%
Oxygen fluoride OF
69%
KBr Potassium bromide
66%
SF₆ Sulfur hexafluoride
66%
Nitrogen trihydride NH3
63%
Phosphorous trichloride PCl3
59%
CaI₂ Calcium iodide
53%
H₂O Dihydrogen monoxide
50%
Cesium fluoride CsF
47%
Mercury (II) oxide HgO
47%
FeCl₃ Iron (III) chloride
38%
PBr₇ Phosphorous heptabromide
38%
Magnesium nitride Mg3N2
34%
Lithium phosphide Li3P
31%
Hydrogen carbonate HCO3
28%
Calcium hydroxide Ca(HO)2
25%
Calcium phosphide Ca3P2
22%
Potassium permanganate KMnO4
19%
Cesium oxalate Cs2C2O4
13%
Rubidium perchlorate RbClO4
13%
No matching quizzes found
Score Distribution
Percent of People with Each Score
Percentile by Number Answered
Your Score History
You have not taken this quiz